000 00750nam a22002057a 4500
999 _c194167
_d194167
005 20221209104045.0
010 _aUR-11778
020 _a9789391238728
_c200.00
035 _aU-10333
037 _bDBAD/PUB
_a-
082 _a270
100 _aعلی عالمی
245 _aمثالی رہنما :
_bقرآن و حدیث کی روشنی میں /
_cعلی عالمی
_hا ر د و
246 _aMisali Rehnuma: Quran wa Hadees ki Roshni Mein /
_bby Ali Alami ; tr. by Faizan Jafar Ali
260 _aNew Delhi
_bEducational Publishing House
_c2021 ء
270 _aH.O. D1/16, Ansari Road, Daryaganj
_bNew Delhi
_e110002
300 _a288 ص
_c22cm(Hb)
700 _aفیضان جعفر علی
942 _2ddc
_cUR
_h270
_mع ل ی